000 00955nas a2200301 4500
001 BR8102073
003 BR-BrBNA
005 20231205084627.0
007 ta
008 230509b bl.|||p| |||| 00| 00por d
040 _aBR-BrBNA
_bpor
_cBiblioteca Nacional de Agricultura
041 _a(Pt)
072 _aP05; F00
100 1 _aCruz, M.
245 1 _aBibliografia; bagaco [Residuo organico; Combustivel; Celulose; Cana de acucar; Saccharum spp]
246 1 _a[Bibliography; Bagasse [Organic waste; Fuel; Cellulose; Sugarcane; Saccharum spp]]
650 _aRecurso energetico
650 _aProducao vegetal
650 _aNutricao animal
650 _aCelulose
650 _aBagaco
650 _aCombustivel
650 _aResiduo organico
650 _aBibliografia
773 0 _tBrasil Acucareiro (Brazil)
_xISSN 0006-9167
_g(May 1980), v. 95(5) p. 58-60
_wBR8102073
909 _a202311
_bLúcia
_c55
_dLúcia Elande
942 _2AGRIS
_n0
_cANA
999 _c106324
_d106324